| 000 | 01304nam a22003377a 4500 | ||
|---|---|---|---|
| 001 | 36402 | ||
| 003 | Ost | ||
| 005 | 20260507154550.0 | ||
| 008 | 251113s9999||||xx |||||||||||||| ||eng|| | ||
| 020 | _a9789386534859 | ||
| 040 | _cnitttr | ||
| 082 |
_a891 _bRD-A1919 |
||
| 100 | _aRajnish Dhawan - रजनीश धवन | ||
| 245 | 0 | _aAmritsar 1919 - अमृतसर 1919 | |
| 250 | _a1st Ed. | ||
| 260 |
_aNew Delhi, India _bRajpal Publishing _c2019 |
||
| 300 | _a192 p. | ||
| 650 | _a अमृतसर 1919 | ||
| 650 | _a ऐतिहासिक घटनाएँ | ||
| 650 | _a औपनिवेशिक दमन | ||
| 650 | _a जनआंदोलन | ||
| 650 | _a देशभक्ति और बलिदान | ||
| 650 | _a ब्रिटिश औपनिवेशिक शासन | ||
| 650 | _a भारत का इतिहास | ||
| 650 | _a भारतीय स्वतंत्रता संग्राम | ||
| 650 | _a राजनीतिक संघर्ष | ||
| 650 | _a राष्ट्रीय आंदोलन | ||
| 650 | _a स्वतंत्रता आंदोलन की पृष्ठभूमि | ||
| 650 | _aजलियांवाला बाग हत्याकांड | ||
| 942 | _cBK | ||
| 999 |
_c182 _d182 |
||